Spôsoby vykonávania daňovej exekúcie

Spôsoby, ktorými je možné vykonávať daňovú exekúciu, ktorú upravuje zákon č.219/1999 Z.z. Daňová exekúcia zrážkami zo mzdy a z iných príjmov. Daňová exekúcia prikázaním pohľadávky. Daňová exekúcia predajom hnuteľných vecí. Daňová exekúcia odobratím hotových peňazí, predajom cenných papierov, predajo...

Descrizione completa

Salvato in:
Dettagli Bibliografici
Autore principale: Hlaváčová, Jana
Natura: Capitolo di libro
Lingua:slovacco
Soggetti:
Tags: Aggiungi Tag
Nessun Tag, puoi essere il primo ad aggiungerne!!

MARC

LEADER 00000naa a2200000 4500
001 r037110
005 20230919090329.6
041 0 |a slo 
044 |a SK 
245 1 0 |a Spôsoby vykonávania daňovej exekúcie  |c Jana Hlaváčová 
520 |a Spôsoby, ktorými je možné vykonávať daňovú exekúciu, ktorú upravuje zákon č.219/1999 Z.z. Daňová exekúcia zrážkami zo mzdy a z iných príjmov. Daňová exekúcia prikázaním pohľadávky. Daňová exekúcia predajom hnuteľných vecí. Daňová exekúcia odobratím hotových peňazí, predajom cenných papierov, predajom nehnuteľností, predajom podniku a i. Odloženie daňovej exekúcie a zastavenie daňového exekučného konania. 
610 2 0 |a exekúcia 
610 2 0 |a konanie daňové 
610 2 0 |a postih 
610 2 0 |a daňovníci 
610 2 0 |a dlžníci 
100 1 |a Hlaváčová, Jana